The role of livestock in developing communities : (Record no. 157)

MARC details
000 -LEADER
fixed length control field 01115cam a2200265Ia 4500
020 ## - INTERNATIONAL STANDARD BOOK NUMBER
ISBN 9780868867984
020 ## - INTERNATIONAL STANDARD BOOK NUMBER
ISBN 0868867985
050 #4 - CALL NUMBER
Classification number HD9426
Item number .S93 SWA
100 ## - AUTHOR
Personal name Swanepoel, Frans (editor)
245 04 - TITLE
Title The role of livestock in developing communities :
Remainder of title enhancing multifunctionality /
Statement of responsibility, etc editors, Frans Swanepoel, Aldo Stroebel, Siboniso Moyo.
260 ## - PUBLICATION INFORMATION
Place of publication Bloemfontein, South Africa :
Name of publisher UFS and CTA,
Year of publication 2010.
300 ## - DESCRIPTION
Number of Pages xvi, 213 p, 6 p. of plates. :
Other physical details col. ill. ;
Dimensions 30 cm.
500 ## - NOTES
General note INCLUDES BIBLIOGRAPHIC REFERENCE
500 ## - NOTES
General note "The Symposium, jointly organized by the University of the Free State (UFS) and the International Livestock Research Institute (ILRI) ..."--Foreword.
650 #0 - SUBJECTS
Topical Term Livestock projects
650 #0 - SUBJECTS
Topical Term Livestock
700 1# - OTHER AUTHORS
Personal name Swanepoel, Frans.
700 1# - OTHER AUTHORS
Personal name Stroebel, Aldo.
700 1# - OTHER AUTHORS
Personal name Moyo, Siboniso.
710 2# - OTHER AUTHORS
OTHER AUTHORS University of the Free State.
710 2# - OTHER AUTHORS
OTHER AUTHORS International Livestock Research Institute.
710 2# - OTHER AUTHORS
OTHER AUTHORS Technical Centre for Agricultural and Rural Cooperation (Ede, Netherlands)
711 2# - OTHER AUTHORS
OTHER AUTHORS World Conference on Animal Production
942 ## - ADDED ENTRY ELEMENTS (KOHA)
Koha item type Books
Holdings
Withdrawn status Lost status Home library Current library Date acquired Full call number Accession Number Koha item type
    Methodist University Library Wenchi Faculty Methodist University Library Wenchi Faculty 13/10/2017 HD9426 .S93 SWA 34649 Books
Copyright © 2026  MUG Library